Martin Buber, a bibliography of his writings, 1897-1978 /
| Main Author: | |
|---|---|
| Other Authors: | |
| Format: | Book |
| Language: | English German Hebrew |
| Published: |
Jerusalem : Munchen ; New York :
Magnes Press, Hebrew University ; K.G. Saur,
1980.
|
| Subjects: |
MARC
| Tag | First Indicator | Second Indicator | Subfields |
|---|---|---|---|
| LEADER | 00000cam a2200000 a 4500 | ||
| 001 | in00000073477 | ||
| 005 | 20151008053507.0 | ||
| 008 | 810528s1980 is cf b 00110 eng | ||
| 010 | |a 81102666 | ||
| 020 | |a 9652233366 | ||
| 035 | |a (OCoLC)07573870 | ||
| 035 | |9 AAH7616AM | ||
| 040 | |a DLC |c DLC |d TXA |d UtOrBLW | ||
| 041 | 0 | |a eng |a ger |a heb | |
| 049 | |a TXAM |c [1195448] | ||
| 050 | 0 | 0 | |a Z8127.4 |b .C63 |
| 090 | |a B3213.B84 |b C63 1980 | ||
| 100 | 1 | |a Cohn, Margot. | |
| 245 | 1 | 0 | |a Martin Buber, a bibliography of his writings, 1897-1978 / |c compiled by Margot Cohn, Rafael Buber. |
| 264 | 1 | |a Jerusalem : |b Magnes Press, Hebrew University ; |a Munchen ; |a New York : |b K.G. Saur, |c 1980. | |
| 300 | |a 160 pages, 1 unnumbered leaf of plates : |b portrait ; |c 28 cm. | ||
| 336 | |a text |b txt |2 rdacontent | ||
| 337 | |a unmediated |b n |2 rdamedia | ||
| 338 | |a volume |b nc |2 rdacarrier | ||
| 500 | |a Added title page: Martin Buber, eine Bibliographie seiner Schriften, 1897-1978. Added title page: Mordekhai Martin Buber, bibliyografyah shel ketavav, 757-739, (1897-1978). | ||
| 500 | |a Pref. in English, German, and Hebrew. | ||
| 500 | |a Includes indexes. | ||
| 536 | |a From the Library of Harrison T. Meserole 2002. | ||
| 600 | 1 | 0 | |a Buber, Martin, |d 1878-1965 |x Bibliography. |
| 650 | 0 | |a Jews |v Bibliography. | |
| 700 | 1 | |a Buber, Rafael. | |
| 740 | 0 | |a Martin Buber, eine bibliographie seiner schriften, 1897-1978. | |
| 740 | 0 | |a Mordekhai Martin Buber, bibliyografyah shel ketavav, 757-739, (1897-1978) | |
| 999 | |a MARS | ||
| 999 | f | f | |s 5d095754-8f11-33b5-893a-331169c4c533 |i f6858d27-edd0-39fc-a9c0-173e71073b9f |t 0 |
| 952 | f | f | |p ric |a Texas A&M University |b Rellis Campus |c Joint Library Facility |s JLF |d Remote Storage |t 0 |e B3213.B84 C63 1980 |h Library of Congress classification |i unmediated -- volume |m A14806266994 |
| 998 | f | f | |a B3213.B84 C63 1980 |t 0 |l Remote Storage |